Psicosis /

Αποθηκεύτηκε σε:
Λεπτομέρειες βιβλιογραφικής εγγραφής
Κύριος συγγραφέας: Bogdanovich, Peter (autor.)
Άλλοι συγγραφείς: Ferrández Vega, Daniel (autor.), Leal Matilla, Alberto (autor.)
Μορφή: Ηλ. βιβλίο
Γλώσσα:Ισπανικά
Έκδοση: Málaga : Cult Books, 2020.
Σειρά:Cine Club.
Θέματα:
Διαθέσιμο Online:https://elibro.unach.elogim.com/es/lc/unach/titulos/289657
Ετικέτες: Προσθήκη ετικέτας
Δεν υπάρχουν, Καταχωρήστε ετικέτα πρώτοι!

MARC

LEADER 00000nam a2200000 i 4500
001 ELB289657
003 FINmELB
005 20251222123538.0
006 m o u
007 cr cn|||||||||
008 251222s2020 sp a o 000 0 spa d
020 |z 9788412094763 
035 |a (OCoLC)1564682306 
040 |a FINmELB  |b spa  |e rda  |c FINmELB 
050 1 4 |a PN1997.P79  |b B674 2020 
080 |a 791 
082 0 4 |a 791.4372  |2 23 
100 1 |a Bogdanovich, Peter,  |e autor. 
245 1 0 |a Psicosis /  |c Peter Bogdanovich [y otros 14]. 
264 1 |a Málaga :  |b Cult Books,  |c 2020. 
300 |a 1 recurso en línea (222 páginas) :  |b ilustraciones 
336 |a texto  |b txt  |2 rdamedia/spa 
337 |a computadora  |b c  |2 rdamedia/spa 
338 |a recurso en línea  |b cr  |2 rdacarrier/spa 
490 1 |a Cine Club 
588 |a Descripción basada en metadatos suministrados por el editor y otras fuentes. 
590 |a Recurso electrónico. Santa Fe, Arg.: elibro, 2025. Disponible vía World Wide Web. El acceso puede estar limitado para las bibliotecas afiliadas a elibro. 
630 0 0 |a Psycho (Película cinematográfica : 1960) 
655 4 |a Libros electrónicos. 
700 1 |a Ferrández Vega, Daniel,  |e autor. 
700 1 |a Leal Matilla, Alberto,  |e autor. 
797 2 |a elibro, Corp. 
830 0 |a Cine Club. 
856 4 0 |u https://elibro.unach.elogim.com/es/lc/unach/titulos/289657